• 首页
  • 本馆介绍
  • 公告通知
  • 最新文献
  • 馆藏检索
  • 电子资源
  • 读者导购
  • 参考咨询
  • 我的图书馆
  • 登录
  • 详细信息显示
  • 放入我的书架
  • 预约/预借图书
  • 作者相关作品
  • 分类相关作品
  • 丛书相关作品
  • 出版社相关作品

书目信息

  • 表格格式
  • 工作单格式
  • 卡片格式
题名:
办公软件高级应用与多媒体实用案例
    
 
作者: 叶苗群 主编
分册:  
出版信息: 北京   电子工业出版社  2021.1
页数: 328页
开本: 26cm
丛书名:
单 册:
中图分类: TP317.1 , TP37
科图分类:
主题词: 办公自动化--应用软件--高等学校--教材 , 多媒体技术--高等学校--教材
电子资源:
ISBN: 978-7-121-35575-2
000 01049nam0 2200265 45
001 012001002218
005 20140913143815.0
010    @a978-7-121-35575-2@dCNY56.00
100    @a20190216d2018 em y0chiy50 ea
101 0  @achi
102    @aCN@b110000
105    @aa z 000yy
106    @ar
200 1  @a办公软件高级应用与多媒体实用案例@Aban gong ruan jian gao ji ying yong yu duo mei ti shi yong an li@b专著@f叶苗群主编
210    @a北京@c电子工业出版社@d2021.1
215    @a328页@c图@d26cm
300    @a高等院校公共基础课规划教材
330    @a本书共分为两部分,第一部分为办公软件高级应用,包含Word高级应用、Excel高级应用、PowerPoint高级应用。第二部分为多媒体技术应用,包含多媒体技术基础、图像编辑与处理Photoshop、动画设计与制作Flash、音频编辑与处理Audition和视频编辑与集成Premiere。
606 0  @a办公自动化@x应用软件@x高等学校@j教材
606 0  @a多媒体技术@x高等学校@j教材
690    @aTP317.1@v5
690    @aTP37@v5
701  0 @a叶苗群@Aye miao qun@4主编
801  0 @aCN@bBJSDL@c20211011
905    @b1338887-9@dTP317.1@e570@f3
    
    办公软件高级应用与多媒体实用案例/叶苗群主编.-北京:电子工业出版社,2021.1
    328页:图;26cm
    高等院校公共基础课规划教材
    
    ISBN 978-7-121-35575-2:CNY56.00
    本书共分为两部分,第一部分为办公软件高级应用,包含Word高级应用、Excel高级应用、PowerPoint高级应用。第二部分为多媒体技术应用,包含多媒体技术基础、图像编辑与处理Photoshop、动画设计与制作Flash、音频编辑与处理Audition和视频编辑与集成Premiere。
●
相关链接 在E读中查询图书 在五车中查询图书 在当当中查询图书 在豆瓣中查询图书


正题名:办公软件高级应用与多媒体实用案例     索取号:TP317.1/570         预约/预借

序号 登录号 条形码 馆藏地/架位号 状态 备注
1 1338887   213388877   第二样本阅览室/ [索取号:TP317.1/570] 在馆    
2 1338888   213388886   第三借阅区/ [索取号:TP317.1/570] 在馆    
3 1338889   213388895   第三借阅区/ [索取号:TP317.1/570] 在馆    
唐山师范学院图书馆 欢迎您!
大连网信软件有限公司© 版权所有